Sanctus Augustinus exantiquatus denvo disputans de peccato originali dissertatio dogmatica de existentia, quidditate, ...

Detalles Bibliográficos
Autor principal: MANSO, Pedro (Fray)
Formato: Libro
Publicado: Madrid
Materias:
Colección:Banco de datos
Acervo:Biblioteca del Museo Regional de Querétaro. INAH. Querétaro
Descripción Física:1a. parte
Tema general:Apologética
Notas:Regular. 2F6, 33.
LEADER 00762nam a22002050004500
035 |a 23024 
036 |a 1509 
100 1 |a MANSO, Pedro (Fray) 
245 1 0 |a Sanctus Augustinus exantiquatus denvo disputans de peccato originali dissertatio dogmatica de existentia, quidditate, ... 
260 |a Madrid  |b Ildefonso Orozco imp. 
300 |a 1a. parte 
500 |a Regular. 2F6, 33. 
650 1 0 |a Apologética 
949 |a C.R.Q. 
959 |a Ex convento Grande de San Francisco de la ciudad de Querétaro, Museo Regional de Querétaro  |b CCC2 
960 |a Convento Grande de San Francisco de la ciudad de Querétaro  |b DD68 
961 |a Franciscana  |b OF 
942 |c C.R.Q. 
943 |g Biblioteca del Museo Regional de Querétaro. INAH. Querétaro 
999 |c 979340  |d 979340